[Event "29. Erfurter Schachfestival 2019 - Meis"]
[Site "Erfurt"]
[Date "2019.12.29"]
[Round "7.41"]
[White "Hornung, Hans"]
[Black "Nguyen, Ha Thanh"]
[Result "1/2-1/2"]
[WhiteElo "2080"]
[BlackElo "1984"]
[PlyCount "52"]
[EventDate "2019.12.26"]

1. Nf3 c5 2. c4 Nc6 3. Nc3 g6 4. e3 Nf6 5. d4 cxd4 6. exd4 d5 7. cxd5 Nxd5 8.
Qb3 Nxc3 9. Bc4 Nd5 10. Bxd5 e6 11. Bxc6+ bxc6 12. O-O Bg7 13. Be3 O-O 14. Rfc1
Bd7 15. Rc5 Rb8 16. Qc3 Qc7 17. b4 Rfc8 18. a3 Rb5 19. Rc1 Rxc5 20. Qxc5 Qb7
21. Qc4 f6 22. Ne1 Qb5 23. Qc2 Bf8 24. Nd3 a5 25. Nc5 Bxc5 26. bxc5 Rb8 1/2-1/2

[Event "29. Erfurter Schachfestival 2019 - Meis"]
[Site "Erfurt"]
[Date "2019.12.29"]
[Round "7.42"]
[White "Schröter, Maik"]
[Black "Minor, Viatcheslav"]
[Result "1-0"]
[WhiteElo "1943"]
[BlackElo "2062"]
[PlyCount "37"]
[EventDate "2019.12.26"]

1. e4 b6 2. d4 Bb7 3. Nc3 e6 4. Nf3 Bb4 5. Bd3 Nf6 6. Qe2 c5 7. dxc5 bxc5 8.
O-O c4 9. Bxc4 Bxc3 10. bxc3 Nxe4 11. Qd3 O-O 12. Ba3 Re8 13. Rab1 Bc6 14. Nd4
f5 15. f3 d5 16. fxe4 fxe4 17. Qh3 dxc4 18. Nxe6 Qc8 19. Qf5 1-0

[Event "29. Erfurter Schachfestival 2019 - Meis"]
[Site "Erfurt"]
[Date "2019.12.29"]
[Round "7.43"]
[White "Neubauer, Ralf"]
[Black "Pedersen, Lars Wilton"]
[Result "1/2-1/2"]
[WhiteElo "1931"]
[BlackElo "2047"]
[PlyCount "32"]
[EventDate "2019.12.26"]

1. Nf3 g6 2. d4 Bg7 3. e4 d6 4. c4 Nf6 5. Nc3 O-O 6. g3 c6 7. Bg2 Qa5 8. O-O
Qh5 9. e5 dxe5 10. Nxe5 Qxd1 11. Rxd1 Nbd7 12. Nxd7 Bxd7 13. h3 Rfd8 14. Be3 h6
15. Rac1 b6 16. b3 Rac8 1/2-1/2

[Event "29. Erfurter Schachfestival 2019 - Meis"]
[Site "Erfurt"]
[Date "2019.12.29"]
[Round "7.44"]
[White "Falk, Kristoffer"]
[Black "Fahland, Maximilian"]
[Result "1/2-1/2"]
[WhiteElo "2042"]
[BlackElo "1929"]
[PlyCount "30"]
[EventDate "2019.12.26"]

1. d4 Nf6 2. Nf3 e6 3. c4 d5 4. g3 c6 5. Bg2 Be7 6. Qc2 Nbd7 7. O-O O-O 8. Rd1
b5 9. Ne5 Bb7 10. b3 Rc8 11. Nxd7 Qxd7 12. c5 a5 13. Nd2 Ba6 14. a3 Ra8 15. Nf3
Rfc8 1/2-1/2

[Event "29. Erfurter Schachfestival 2019 - Meis"]
[Site "Erfurt"]
[Date "2019.12.29"]
[Round "7.45"]
[White "Mucha, Annegret"]
[Black "Nicolai, Tim"]
[Result "0-1"]
[WhiteElo "2041"]
[BlackElo "1913"]
[PlyCount "84"]
[EventDate "2019.12.26"]

1. Nc3 c5 2. e4 e6 3. f4 a6 4. Nf3 Nc6 5. g3 d5 6. d3 Nge7 7. Bg2 g6 8. O-O Bg7
9. Kh1 O-O 10. g4 Nd4 11. Nxd4 cxd4 12. Ne2 dxe4 13. dxe4 Nc6 14. Ng3 Qa5 15.
f5 exf5 16. gxf5 Re8 17. Bd2 Qb6 18. Qc1 Ne5 19. Bh6 Bf6 20. Qf4 Nd7 21. fxg6
hxg6 22. Bh3 Re6 23. Rae1 Qc6 24. Kg1 d3 25. Bxe6 Bd4+ 26. Kh1 Qxe6 27. cxd3
Ne5 28. Qd2 Bd7 29. Be3 Bxe3 30. Qxe3 Bb5 31. Rd1 Rd8 32. d4 Ng4 33. Qg5 Rc8
34. d5 Qd7 35. Rf3 Rc2 36. Nh5 Rxh2+ 37. Kg1 Rxh5 38. Qf4 Be2 39. Rc1 Bxf3 40.
Qxf3 Ne5 41. Qf6 Qg4+ 42. Kf2 Nd3+ 0-1

[Event "29. Erfurter Schachfestival 2019 - Meis"]
[Site "Erfurt"]
[Date "2019.12.29"]
[Round "7.46"]
[White "Schuffenhauer, Robert"]
[Black "Zech, Andreas"]
[Result "1-0"]
[WhiteElo "1905"]
[BlackElo "2038"]
[PlyCount "103"]
[EventDate "2019.12.26"]

1. d4 d5 2. c4 e6 3. Nf3 Nf6 4. e3 c5 5. Nc3 Nc6 6. cxd5 exd5 7. Be2 Bg4 8. O-O
cxd4 9. Nxd4 Bxe2 10. Ndxe2 Bd6 11. Ng3 Bxg3 12. hxg3 O-O 13. Ne2 Qe7 14. b3
Qe5 15. Rb1 Rad8 16. Bb2 Qg5 17. Nf4 Rfe8 18. Qf3 Ne4 19. Rbd1 a6 20. a3 Na5
21. Rd3 Nc5 22. Rxd5 Rxd5 23. Nxd5 Naxb3 24. Rd1 Ne4 25. Qf4 Qxf4 26. gxf4 Kf8
27. Nb6 f6 28. f3 Nec5 29. Kf2 Re6 30. Nd7+ Ke7 31. Nxc5 Nxc5 32. Bd4 Nb3 33.
Rb1 Nxd4 34. Rxb7+ Kd6 35. exd4 Kd5 36. Rd7+ Kc4 37. Rxg7 Kxd4 38. Rxh7 Rb6 39.
Rh5 Rb2+ 40. Kg3 Ke3 41. Rc5 Rb6 42. Kg4 Kd4 43. Rf5 Ke3 44. Kh5 Kf2 45. Kg6
Rb3 46. a4 Kxg2 47. Rxf6 Rxf3 48. f5 Rg3+ 49. Kf7 Rf3 50. Rg6+ Kf2 51. f6 Rf4
52. Kg7 1-0

[Event "29. Erfurter Schachfestival 2019 - Meis"]
[Site "Erfurt"]
[Date "2019.12.29"]
[Round "7.47"]
[White "Wachsmann, Dietmar"]
[Black "Franke, Luca"]
[Result "1-0"]
[WhiteElo "2032"]
[BlackElo "1880"]
[Annotator "Ruether,Rudolf"]
[PlyCount "47"]
[EventDate "2019.12.26"]

1. e4 e5 2. Nf3 Nc6 3. Bb5 a6 4. Ba4 Nf6 5. O-O Be7 6. Re1 b5 7. Bb3 d6 8. c3
O-O 9. h3 Na5 10. Bc2 c5 11. d4 Nc6 12. d5 Na7 13. Nbd2 Bd7 14. Nf1 Qc7 15. Ng3
g6 {(=)} 16. Nh2 Rfe8 17. f4 Bc8 18. Qf3 Bb7 19. f5 Nd7 20. Ng4 f6 21. h4 Rf8
22. fxg6 hxg6 23. Nh6+ Kg7 24. Ngf5+ 1-0

[Event "29. Erfurter Schachfestival 2019 - Meis"]
[Site "Erfurt"]
[Date "2019.12.29"]
[Round "7.48"]
[White "Petri, Wolfgang"]
[Black "Pellicoro, Nathalie"]
[Result "1-0"]
[WhiteElo "2023"]
[BlackElo "1860"]
[PlyCount "51"]
[EventDate "2019.12.26"]

1. e4 c5 2. Nf3 e6 3. d4 cxd4 4. Nxd4 Nc6 5. Nc3 Qc7 6. g3 a6 7. Bg2 Nf6 8. O-O
Be7 9. Bg5 O-O 10. Re1 Nxd4 11. e5 Bc5 12. exf6 d5 13. Bf4 Qc6 14. Be5 Nf5 15.
fxg7 Nxg7 16. Bf6 Re8 17. Re5 h6 18. Qd2 Kh7 19. Rae1 Bd7 20. Ne4 Bf8 21. Bh4
Nf5 22. Nf6+ Kh8 23. Nxd7 Qxd7 24. Bf6+ Kg8 25. Qf4 Bg7 26. Qg4 1-0

[Event "29. Erfurter Schachfestival 2019 - Meis"]
[Site "Erfurt"]
[Date "2019.12.29"]
[Round "7.49"]
[White "Schulze, Mario"]
[Black "Geißhirt, Marco"]
[Result "1-0"]
[WhiteElo "1911"]
[BlackElo "2022"]
[Annotator "Ruether,Rudolf"]
[PlyCount "99"]
[EventDate "2019.12.26"]

1. e4 e5 2. Nf3 Nc6 3. Bb5 Nf6 4. d3 Ne7 5. c3 Ng6 6. O-O Be7 7. d4 exd4 8. e5
Nd5 9. cxd4 O-O 10. Nc3 Nxc3 11. bxc3 d6 12. exd6 Bxd6 13. h3 a6 14. Bg5 Be7
15. Bxe7 Qxe7 16. Bd3 {(=)} c5 17. Re1 Qd6 18. Be4 cxd4 19. cxd4 Rb8 20. Qc2
Be6 21. Rad1 Rfc8 22. Qb1 Bd5 23. Bxd5 Qxd5 24. Ne5 b5 25. Ng4 h6 26. Ne3 Qd7
27. d5 Rb6 28. Nf5 Rf6 29. g4 h5 30. Rd4 hxg4 31. hxg4 Re8 32. Rde4 Rd8 33. Qd3
Kf8 {(=)} 34. Qe3 b4 35. d6 Re6 36. Qd4 Rf6 37. Nxg7 Qxd6 38. Re8+ Rxe8 39.
Qxd6+ Rxd6 40. Nxe8 Rc6 41. g5 Rc5 42. Nf6 Rxg5+ 43. Kf1 Kg7 44. Ne8+ Kh6 45.
Nd6 Nh8 46. Re8 Rd5 47. Rxh8+ Kg7 48. Rd8 Rd2 49. Nf5+ Kf6 50. Rxd2 1-0

[Event "29. Erfurter Schachfestival 2019 - Meis"]
[Site "Erfurt"]
[Date "2019.12.29"]
[Round "7.50"]
[White "Petri, Raphael"]
[Black "Held, Carsten"]
[Result "0-1"]
[WhiteElo "1839"]
[BlackElo "2082"]
[Annotator "Ruether,Rudolf"]
[PlyCount "124"]
[EventDate "2019.12.26"]

1. e4 c5 2. Nf3 g6 3. d4 cxd4 4. Qxd4 Nf6 5. Nc3 Nc6 6. Qa4 d6 7. e5 dxe5 8.
Nxe5 Bg7 9. Bb5 Bd7 10. Nxd7 Nxd7 11. Be3 O-O 12. Rd1 Bxc3+ 13. bxc3 Qc7 14.
O-O Rfd8 15. Qh4 Nf6 16. Rb1 Nd5 17. Bg5 Nxc3 18. Rb3 Rd4 19. Qh6 Na5 20. Bxe7
Qxe7 21. Rxc3 Rh4 22. Qe3 Re4 23. Qc5 b6 24. Qc7 Rd8 25. Bd3 Re5 26. f4 Re1 27.
Qxe7 Rxe7 28. Kf2 {(=)} Rd4 29. f5 Kg7 30. Kg3 f6 31. Rf4 Rxf4 32. Kxf4 Nb7 33.
Rc8 Nc5 34. fxg6 hxg6 35. Kf3 Ne6 36. h4 Nd4+ 37. Kf2 Ne6 38. g3 Nc5 39. Rd8
Nd7 40. Bc4 Ne5 41. Be2 Rc7 42. c4 Kf7 43. g4 Nxc4 44. h5 gxh5 45. gxh5 Kg7 46.
Bxc4 Rxc4 47. Rd7+ Kh6 48. Rxa7 Kxh5 49. a4 Kg4 50. a5 Rc2+ 51. Ke3 bxa5 52.
Rxa5 f5 53. Ra4+ Kg3 54. Rb4 Ra2 55. Rb3 f4+ 56. Ke4+ Kg4 57. Rb8 Re2+ 58. Kd3
Kf3 59. Rh8 Re6 60. Kd2 Kf2 61. Rh2+ Kg3 62. Rh8 f3 0-1

[Event "29. Erfurter Schachfestival 2019 - Meis"]
[Site "Erfurt"]
[Date "2019.12.29"]
[Round "7.51"]
[White "Reitz, Philipp"]
[Black "Grohmann, Alexander"]
[Result "1-0"]
[WhiteElo "2068"]
[BlackElo "1980"]
[Annotator "Ruether,Rudolf"]
[PlyCount "41"]
[EventDate "2019.12.26"]

1. Nf3 d5 2. c4 e6 3. g3 Nf6 4. Bg2 c6 5. d4 Bb4+ 6. Bd2 Be7 7. Qc2 Ne4 8. O-O
O-O 9. Rd1 Nd7 10. Bf4 Re8 {(=)} 11. Nc3 f5 12. cxd5 Nxc3 13. bxc3 exd5 14.
Qxf5 Ba3 15. Qc2 Nb6 16. Ne5 Qf6 17. e4 Be6 18. Re1 Rad8 19. Nf3 dxe4 20. Bg5
Qf8 21. Ne5 1-0

[Event "29. Erfurter Schachfestival 2019 - Meis"]
[Site "Erfurt"]
[Date "2019.12.29"]
[Round "7.52"]
[White "Bonnelykke, Ole"]
[Black "Gründer, Michael"]
[Result "1/2-1/2"]
[WhiteElo "2059"]
[BlackElo "1902"]
[PlyCount "68"]
[EventDate "2019.12.26"]

1. e4 e6 2. d4 d5 3. Nd2 Be7 4. Bd3 c5 5. c3 cxd4 6. cxd4 Nc6 7. Ne2 dxe4 8.
Nxe4 Nf6 9. O-O O-O 10. a3 Nxd4 11. b4 Nxe4 12. Bxe4 Bf6 13. Rb1 e5 14. Nxd4
exd4 15. Qd3 g6 16. Bh6 Re8 17. Rbc1 Qb6 18. f4 Bd7 19. Rc5 Rac8 20. f5 g5 21.
h4 Rxc5 22. bxc5 Qb5 23. Qf3 Bc6 24. Bxc6 Qxc6 25. Rb1 Qxf3 26. gxf3 d3 27. Rd1
Rd8 28. Bxg5 Bxg5 29. hxg5 Rd5 30. Kf2 Rxf5 31. Rxd3 Rxg5 32. Rc3 Re5 33. f4
Re7 34. c6 bxc6 1/2-1/2

[Event "29. Erfurter Schachfestival 2019 - Meis"]
[Site "Erfurt"]
[Date "2019.12.29"]
[Round "7.53"]
[White "Chassard, Cedric"]
[Black "Reitz, Theresa"]
[Result "1-0"]
[WhiteElo "2049"]
[BlackElo "1961"]
[PlyCount "95"]
[EventDate "2019.12.26"]

1. e4 d5 2. exd5 Qxd5 3. Nc3 Qd6 4. d4 Nf6 5. g3 a6 6. Bg2 Nc6 7. Bf4 Qb4 8.
Nge2 Bg4 9. O-O Rd8 10. Bxc7 Rd7 11. Bxc6 bxc6 12. Be5 Nd5 13. Nxd5 Rxd5 14. f3
Bf5 15. Qe1 Qxe1 16. Rfxe1 f6 17. c4 Rd7 18. Bf4 Bd3 19. b3 Bxe2 20. Rxe2 Rxd4
21. Re6 Kd7 22. Rae1 a5 23. a4 Rd3 24. R1e3 Rd1+ 25. Kg2 Rd2+ 26. Kh3 Rf2 27.
Bb8 Rxf3 28. Rxf3 Kxe6 29. Rd3 Kf5 30. Bc7 e5 31. Rd8 g6 32. Bxa5 Bg7 33. Rd7
Bf8 34. Bb6 Bb4 35. Rc7 c5 36. Bxc5 Ba5 37. Ra7 Bc3 38. a5 Rb8 39. Bb6 Bd4 40.
c5 e4 41. Re7 e3 42. a6 Be5 43. a7 e2 44. axb8=Q e1=Q 45. Qc8+ Ke4 46. Qg4+ Kd5
47. Qc4+ Kc6 48. b4 1-0

[Event "29. Erfurter Schachfestival 2019 - Meis"]
[Site "Erfurt"]
[Date "2019.12.29"]
[Round "7.54"]
[White "Hansson, Hakan"]
[Black "Dehmel, Jens"]
[Result "1/2-1/2"]
[WhiteElo "1961"]
[BlackElo "2045"]
[PlyCount "54"]
[EventDate "2019.12.26"]

1. d4 d5 2. Nf3 Nf6 3. c4 c6 4. e3 Bf5 5. Nc3 e6 6. Bd3 Bxd3 7. Qxd3 Bb4 8. O-O
O-O 9. Bd2 Nbd7 10. Nxd5 exd5 11. Bxb4 Re8 12. Rac1 Qb6 13. Ba3 Ne4 14. Rc2
Ndf6 15. Rfc1 Qd8 16. Ne5 h5 17. cxd5 cxd5 18. Rc7 Ng4 19. Nxg4 hxg4 20. Qe2
Qh4 21. f3 gxf3 22. gxf3 Ng5 23. Bd6 Qxd4 24. exd4 Rxe2 25. Rxb7 Nxf3+ 26. Kf1
Rae8 27. Rcc7 Nxh2+ 1/2-1/2

[Event "29. Erfurter Schachfestival 2019 - Meis"]
[Site "Erfurt"]
[Date "2019.12.29"]
[Round "7.56"]
[White "Smit, Frans"]
[Black "Reinecke, Katharina"]
[Result "0-1"]
[WhiteElo "2009"]
[BlackElo "1936"]
[PlyCount "56"]
[EventDate "2019.12.26"]

1. c4 c6 2. g3 d5 3. Bg2 Nf6 4. Nf3 g6 5. b3 Bg7 6. Bb2 O-O 7. O-O b6 8. Qc2
Bb7 9. d3 Nbd7 10. Nbd2 Qc7 11. cxd5 Nxd5 12. Bxg7 Kxg7 13. Rac1 Rac8 14. Qb2+
Kg8 15. b4 c5 16. bxc5 bxc5 17. Nc4 N7b6 18. Nfe5 Nxc4 19. Rxc4 Nb6 20. Ng4 h5
21. Nh6+ Kh7 22. Rh4 Kxh6 23. g4 Bxg2 24. Kxg2 Qc6+ 25. Kg3 Qf6 26. Qd2+ Kg7
27. gxh5 gxh5 28. Rxh5 Rg8 0-1

[Event "29. Erfurter Schachfestival 2019 - Meis"]
[Site "Erfurt"]
[Date "2019.12.29"]
[Round "7.57"]
[White "Ruppert, Wolfgang"]
[Black "Schellmann, Frank"]
[Result "1-0"]
[WhiteElo "2169"]
[BlackElo "1992"]
[PlyCount "53"]
[EventDate "2019.12.26"]

1. d4 Nf6 2. Bf4 g6 3. Nc3 d5 4. e3 Bg7 5. h4 O-O 6. h5 c6 7. hxg6 fxg6 8. Qd2
b5 9. f3 Nbd7 10. g4 Qe8 11. Qh2 b4 12. Nce2 c5 13. Nh3 h5 14. Ng5 Nb6 15. gxh5
Nxh5 16. Ng3 e5 17. Nxh5 gxh5 18. dxe5 Rf5 19. Bd3 Rxg5 20. Bxg5 c4 21. Be2
Qxe5 22. Qxe5 Bxe5 23. Kf2 Bf5 24. Rag1 Kf8 25. Bh6+ Ke7 26. Rg5 Ke6 27. Rhxh5
1-0

[Event "29. Erfurter Schachfestival 2019 - Meis"]
[Site "Erfurt"]
[Date "2019.12.29"]
[Round "7.58"]
[White "Guenther, Thomas"]
[Black "Dobierzin, Olaf"]
[Result "1-0"]
[WhiteElo "1980"]
[BlackElo "2056"]
[PlyCount "99"]
[EventDate "2019.12.26"]

1. Nf3 Nf6 2. e3 g6 3. b3 Bg7 4. Bb2 O-O 5. d4 d6 6. Nbd2 Nbd7 7. c4 e5 8. dxe5
Ng4 9. Qc2 Ngxe5 10. Nd4 Re8 11. Be2 a6 12. O-O Qe7 13. Kh1 Nc5 14. b4 Ne6 15.
N4b3 f5 16. Nf3 Nxf3 17. Bxf3 Ng5 18. Bd5+ Kh8 19. Bxg7+ Qxg7 20. b5 Ne4 21. a4
Nc3 22. Bf3 Ne4 23. Be2 axb5 24. cxb5 Nc3 25. Bd3 Rxa4 26. Rxa4 Nxa4 27. Rc1
Re7 28. Ra1 Nb6 29. Ra7 Be6 30. h3 Bd5 31. Na5 Qa1+ 32. Kh2 Qe5+ 33. Kg1 Kg7
34. Nc4 Nxc4 35. Bxc4 Be4 36. Qb3 d5 37. Bf1 d4 38. Ra8 Bd5 39. exd4 Qxd4 40.
Qa3 Qe5 41. Rd8 Kf7 42. Qa8 Kg7 43. Qa3 Kh6 44. Rxd5 Qxd5 45. Qxe7 c5 46. Qe3+
Kg7 47. Qf4 Kf6 48. h4 Kg7 49. Bc4 Qd1+ 50. Kh2 1-0

[Event "29. Erfurter Schachfestival 2019 - Meis"]
[Site "Erfurt"]
[Date "2019.12.29"]
[Round "7.59"]
[White "Halas, Julia"]
[Black "Matthäi, Jakob"]
[Result "0-1"]
[WhiteElo "2087"]
[BlackElo "1838"]
[PlyCount "108"]
[EventDate "2019.12.26"]

1. d4 Nf6 2. c4 e6 3. Nf3 d5 4. Nc3 Be7 5. Bg5 O-O 6. e3 b6 7. cxd5 exd5 8. Qc2
Bb7 9. Bd3 h6 10. Bh4 c5 11. O-O Nc6 12. a3 a6 13. Rac1 c4 14. Bf5 b5 15. Rcd1
Ne8 16. Bxe7 Nxe7 17. Bh3 Bc8 18. Bxc8 Rxc8 19. Ne5 Nf6 20. f3 Nd7 21. Nxd7
Qxd7 22. e4 Rfe8 23. Qf2 Rb8 24. e5 a5 25. f4 b4 26. axb4 axb4 27. Ne2 g6 28.
Ng3 Nf5 29. Ne2 Ne7 30. Qf3 Ra8 31. Ra1 Ra4 32. g4 Kh7 33. Ng3 Rxa1 34. Rxa1
Rc8 35. f5 c3 36. fxg6+ Nxg6 37. bxc3 Rxc3 38. Qf6 Qe6 39. Qxe6 fxe6 40. Nh5 b3
41. Nf6+ Kg7 42. Ra7+ Kf8 43. Rb7 Nf4 44. Nd7+ Kg8 45. Nf6+ Kf8 46. Nd7+ Ke8
47. Kf1 Rc1+ 48. Kf2 b2 49. Nf6+ Kd8 50. Ke3 Ng2+ 51. Kf2 Ne1 52. Ng8 b1=Q 53.
Rxb1 Rxb1 54. Nxh6 Nc2 0-1

[Event "29. Erfurter Schachfestival 2019 - Meis"]
[Site "Erfurt"]
[Date "2019.12.29"]
[Round "7.60"]
[White "Farokhi, Keyvan"]
[Black "Berberich, Christoph"]
[Result "1/2-1/2"]
[WhiteElo "2023"]
[BlackElo "1988"]
[PlyCount "87"]
[EventDate "2019.12.26"]

1. d4 Nf6 2. Bf4 d5 3. e3 c5 4. c3 e6 5. Nd2 Bd6 6. Bg3 O-O 7. Bd3 Nc6 8. Ngf3
Re8 9. e4 dxe4 10. Nxe4 Nxe4 11. Bxe4 cxd4 12. Nxd4 Nxd4 13. Qxd4 Bxg3 14. hxg3
f5 15. Qxd8 Rxd8 16. Bc2 h6 17. Bb3 Kf7 18. Rd1 Rxd1+ 19. Kxd1 Kf6 20. Ke2 e5
21. Rd1 Be6 22. Rd6 Re8 23. Kd3 Kf7 24. c4 Rc8 25. c5 Bxb3 26. axb3 Rxc5 27.
Rd7+ Kf6 28. Rxb7 a5 29. Rb6+ Kg5 30. b4 axb4 31. Rxb4 e4+ 32. Kd2 Kg4 33. Rb6
Rc7 34. b4 Ra7 35. Rc6 g5 36. Rc2 h5 37. b5 h4 38. gxh4 gxh4 39. b6 Rb7 40. Rc6
f4 41. Rg6+ Kf5 42. Rh6 Kg5 43. Rc6 Kg4 44. Rg6+ 1/2-1/2

[Event "29. Erfurter Schachfestival 2019 - Meis"]
[Site "Erfurt"]
[Date "2019.12.29"]
[Round "7.61"]
[White "Dittrich, Tom"]
[Black "Kurze, Christoph"]
[Result "1/2-1/2"]
[WhiteElo "1915"]
[BlackElo "2016"]
[Annotator "Ruether,Rudolf"]
[PlyCount "78"]
[EventDate "2019.12.26"]

1. e4 c5 2. Nf3 d6 3. d4 cxd4 4. Nxd4 Nf6 5. f3 e5 6. Nb3 d5 7. exd5 Qxd5 8.
Nc3 Qxd1+ 9. Nxd1 Nc6 10. Bc4 Bd6 11. O-O O-O 12. Bg5 Bc7 13. Nf2 h6 14. Be3
Bf5 15. c3 Rfe8 16. Rad1 Na5 17. Nxa5 Bxa5 18. Bd3 Nd5 19. Bc1 Be6 20. Rfe1 f6
21. Ne4 Bb6+ 22. Kh1 Rad8 23. Bb5 Re7 24. Ba4 f5 25. Ng3 Bc7 26. c4 Nb6 27.
Rxd8+ Bxd8 28. Bc2 f4 29. c5 fxg3 30. cxb6 Bxb6 31. Rxe5 {(=)} Bc7 32. Rxe6
Rxe6 33. Bb3 Kf7 34. hxg3 Bxg3 35. Kg1 Ke7 36. Bxe6 Kxe6 37. Kf1 Kd5 38. Ke2 a6
39. Kd3 h5 1/2-1/2

[Event "29. Erfurter Schachfestival 2019 - Meis"]
[Site "Erfurt"]
[Date "2019.12.29"]
[Round "7.62"]
[White "Diener, Carolin Valeria"]
[Black "Grund, Sebastian"]
[Result "1-0"]
[WhiteElo "1864"]
[BlackElo "2000"]
[PlyCount "35"]
[EventDate "2019.12.26"]

1. e4 c5 2. Nc3 Nc6 3. Bb5 Nd4 4. Bc4 g6 5. Nge2 Bg7 6. O-O e6 7. d3 a6 8. Nxd4
cxd4 9. Ne2 d5 10. exd5 exd5 11. Bb3 Ne7 12. Bg5 f6 13. Bd2 Qb6 14. Nf4 Qd6 15.
Qf3 O-O 16. Nxd5 Nc6 17. Nc7+ Kh8 18. Nxa8 1-0

[Event "29. Erfurter Schachfestival 2019 - Meis"]
[Site "Erfurt"]
[Date "2019.12.29"]
[Round "7.63"]
[White "Weimert, Miriam"]
[Black "Bajorski, Marius"]
[Result "1/2-1/2"]
[WhiteElo "1845"]
[BlackElo "1994"]
[PlyCount "30"]
[EventDate "2019.12.26"]

1. e4 e6 2. d4 d5 3. Nc3 dxe4 4. Nxe4 Bd7 5. Nf3 Bc6 6. Bd3 Nd7 7. c3 Ngf6 8.
Ng3 Bd6 9. O-O O-O 10. Bd2 e5 11. Re1 Re8 12. Bc4 Bxf3 13. Qxf3 exd4 14. cxd4
Rxe1+ 15. Rxe1 Nb6 1/2-1/2

[Event "29. Erfurter Schachfestival 2019 - Meis"]
[Site "Erfurt"]
[Date "2019.12.29"]
[Round "7.64"]
[White "Pellicoro, Fabian"]
[Black "Cipra, Lothar"]
[Result "0-1"]
[WhiteElo "1889"]
[BlackElo "1921"]
[PlyCount "84"]
[EventDate "2019.12.26"]

1. e4 c5 2. Nf3 e6 3. d4 cxd4 4. Nxd4 Nf6 5. Nc3 d6 6. Be3 a6 7. Bd3 Qc7 8. O-O
Be7 9. h3 Nc6 10. f4 O-O 11. g4 b5 12. Qf3 Bb7 13. g5 Nd7 14. f5 Nxd4 15. Bxd4
Bxg5 16. Qg4 Bf6 17. Be3 Ne5 18. Qg3 Qe7 19. Bh6 Kh8 20. Bf4 exf5 21. Nd5 Bxd5
22. exd5 g6 23. Bh6 Rg8 24. Kh1 Bg7 25. Bf4 f6 26. h4 Qf7 27. Qg2 Rac8 28. a4
Rc5 29. axb5 axb5 30. Bxe5 fxe5 31. h5 Qxd5 32. Qxd5 Rxd5 33. hxg6 hxg6 34. Rf3
Rc8 35. Rh3+ Kg8 36. Ra5 e4 37. Bxb5 Rd1+ 38. Kg2 Rxc2+ 39. Kg3 Rg1+ 40. Kf4
Be5+ 41. Ke3 Re1+ 42. Be2 Rexe2# 0-1

[Event "29. Erfurter Schachfestival 2019 - Meis"]
[Site "Erfurt"]
[Date "2019.12.30"]
[Round "8.1"]
[White "Schulz, Karsten"]
[Black "Lagunow, Raphael"]
[Result "1/2-1/2"]
[WhiteElo "2267"]
[BlackElo "2424"]
[Annotator "Kohlstädt,Jürgen"]
[PlyCount "28"]
[EventDate "2019.12.26"]

1. Nf3 c5 2. g3 g6 3. Bg2 Bg7 4. O-O Nc6 5. c3 {(=)} e5 6. d3 Nge7 7. a3 d6 8.
b4 a6 9. Bb2 O-O 10. Nbd2 h6 11. e4 Be6 12. Re1 Qd7 13. Rc1 Rad8 14. Qe2 Kh7
1/2-1/2

[Event "29. Erfurter Schachfestival 2019 - Meis"]
[Site "Erfurt"]
[Date "2019.12.30"]
[Round "8.2"]
[White "Gschnitzer, Adrian"]
[Black "Abel, Dennes"]
[Result "1/2-1/2"]
[WhiteElo "2408"]
[BlackElo "2463"]
[PlyCount "58"]
[EventDate "2019.12.26"]

1. e4 c6 2. d4 d5 3. e5 Bf5 4. Nf3 e6 5. Be2 Ne7 6. O-O Ng6 7. Be3 Nd7 8. Nbd2
f6 9. c4 fxe5 10. dxe5 Ndxe5 11. Nd4 Bb4 12. g4 c5 13. cxd5 O-O 14. Nxf5 exf5
15. gxf5 Rxf5 16. Ne4 Nf4 17. Bxf4 Rxf4 18. f3 Qh4 19. d6 Kh8 20. Qd5 Nc6 21.
Rad1 Raf8 22. Kh1 R4f5 23. Qb3 Ba5 24. Qxb7 Nd4 25. Qxa7 Nxe2 26. Rf2 Nd4 27.
Rg2 R5f7 28. Qxa5 Nxf3 29. d7 Nd4 1/2-1/2

[Event "29. Erfurter Schachfestival 2019 - Meis"]
[Site "Erfurt"]
[Date "2019.12.30"]
[Round "8.3"]
[White "Paul, Johannes"]
[Black "Langheinrich, Ferenc"]
[Result "0-1"]
[WhiteElo "2374"]
[BlackElo "2378"]
[PlyCount "70"]
[EventDate "2019.12.26"]

1. c4 f5 2. Nf3 Nf6 3. g3 e6 4. Bg2 c6 5. O-O d5 6. b3 a5 7. d4 a4 8. Nc3 axb3
9. Qxb3 Bd6 10. c5 Bc7 11. Bf4 Bxf4 12. gxf4 O-O 13. Ne5 Ng4 14. Na4 Nxe5 15.
Nb6 Ng6 16. Nxa8 Nxf4 17. Qf3 g5 18. e3 Ng6 19. Nb6 Nd7 20. Nxc8 Qxc8 21. Qg3
Kf7 22. Qxg5 Rg8 23. Kh1 Nf6 24. Qh6 Ng4 25. Qh5 Nf6 26. Qe2 Nh4 27. Rg1 Rg6
28. f4 Rh6 29. Bf3 Ne4 30. Bxe4 dxe4 31. Rab1 Nf3 32. Rg2 Qd8 33. Rxb7+ Kf6 34.
a4 Qa5 35. Rgg7 Qe1+ 0-1

[Event "29. Erfurter Schachfestival 2019 - Meis"]
[Site "Erfurt"]
[Date "2019.12.30"]
[Round "8.4"]
[White "Miszler, Levente"]
[Black "Nothnagel, Marian Can"]
[Result "1/2-1/2"]
[WhiteElo "2167"]
[BlackElo "2369"]
[PlyCount "102"]
[EventDate "2019.12.26"]

1. Nf3 Nf6 2. c4 g6 3. g3 Bg7 4. Bg2 O-O 5. O-O d6 6. Nc3 a6 7. Rb1 c6 8. b4 b5
9. cxb5 axb5 10. a4 bxa4 11. Nxa4 Bd7 12. Nc3 Na6 13. b5 cxb5 14. Nxb5 Rb8 15.
Nc3 Rxb1 16. Nxb1 Qa5 17. d3 Nd5 18. Bd2 Qa2 19. e4 Ndb4 20. Bxb4 Nxb4 21. d4
Rc8 22. Qd2 Qb3 23. e5 Bf5 24. Qd1 Bc2 25. Qc1 Nd3 26. Qa3 Qxa3 27. Nxa3 dxe5
28. dxe5 Nxe5 29. Nxc2 Rxc2 30. Nxe5 Bxe5 31. Rd1 Bd6 32. Be4 Re2 33. Bf3 Rb2
34. Re1 Kg7 35. Re2 Rb3 36. Kg2 e5 37. Rd2 Bc5 38. Rc2 Bd4 39. Bd5 Rb5 40. Bc6
Rb6 41. Bd5 Rd6 42. Bb3 e4 43. Re2 f5 44. f3 e3 45. f4 h6 46. h4 Bb6 47. Bc4
Rd4 48. Bb5 Rb4 49. Ba6 g5 50. hxg5 hxg5 51. fxg5 Kg6 1/2-1/2

[Event "29. Erfurter Schachfestival 2019 - Meis"]
[Site "Erfurt"]
[Date "2019.12.30"]
[Round "8.5"]
[White "Stein, Robert"]
[Black "Pubantz, Jan"]
[Result "1/2-1/2"]
[WhiteElo "2327"]
[BlackElo "2207"]
[PlyCount "61"]
[EventDate "2019.12.26"]

1. d4 d5 2. c4 c6 3. cxd5 cxd5 4. Bg5 Nc6 5. Nc3 Bf5 6. e3 Qd7 7. Nf3 e6 8. Bb5
Bd6 9. O-O Nge7 10. Ne5 Bxe5 11. dxe5 a6 12. Bxe7 Qxe7 13. Bxc6+ bxc6 14. Qa4
Qb7 15. Rac1 O-O 16. Qa3 c5 17. e4 dxe4 18. Na4 Rfd8 19. Rxc5 Rd3 20. Rc3 Qb5
21. Nc5 Rd2 22. b3 Qe2 23. Re3 Rxa2 24. Qb4 Qb5 25. Qxb5 axb5 26. Nxe4 Bxe4 27.
Rxe4 Rb2 28. Rb4 Ra3 29. Rxb5 Raxb3 30. Rxb3 Rxb3 31. f4 1/2-1/2

[Event "29. Erfurter Schachfestival 2019 - Meis"]
[Site "Erfurt"]
[Date "2019.12.30"]
[Round "8.6"]
[White "Kuznecovs, Nikita"]
[Black "Zhukov, Anton"]
[Result "0-1"]
[WhiteElo "2306"]
[BlackElo "2190"]
[PlyCount "72"]
[EventDate "2019.12.26"]

1. c4 Nf6 2. g3 g6 3. b4 Bg7 4. Bb2 O-O 5. Bg2 d6 6. Nc3 e5 7. d3 h6 8. Qb3 Nc6
9. e3 Ne7 10. Nge2 c6 11. O-O Be6 12. a4 d5 13. a5 dxc4 14. dxc4 Qd3 15. Qa3
Qxc4 16. b5 Rfe8 17. Rfc1 cxb5 18. Nd5 Qxe2 19. Nxe7+ Kh7 20. Rc7 Rad8 21. Bf1
Qf3 22. e4 Qxe4 23. f3 b4 24. fxe4 bxa3 25. Bxa3 Rd7 26. Rac1 Red8 27. Rxd7
Rxd7 28. Bb5 Rd2 29. Bc4 Bxc4 30. Rxc4 Rd7 31. Nc8 Ng4 32. Bc1 Bf8 33. Nxa7 Ba3
34. h3 Rd1+ 35. Kg2 Rxc1 36. Ra4 Rc2+ 0-1